000 03305nam a2200349 i 4500
003 DO-SdBNP
005 20240815121623.0
007 ta
008 240808s2001 sp abc e 000 0 spa d
020 _a8489898502 (colección completa)
020 _a8489898707 (actualización 2001)
040 _aDO-SdBNP
_bspa
_cBNPHU
_erda
082 4 _a036.1
_bL332 2001
_222
245 0 0 _aLarousse 2000 :
_bactualización 2001 /
_cdirección Núria Lucena Cayuela ; edición Jordi Induráin Pons, Emili López Tossas ; redacción Olga Ferrani I Andreu, M. Ángels Casanovas Freixas, Fina Oliu Cucó
264 1 _aBarcelona, España :
_bPlaneta,
_bTemáticos Larousse,
_c2001.
300 _a344 páginas :
_bilustraciones, mapas, retratos ;
_c30 cm.
336 _2rdacontent
_atexto
_btxt
337 _2rdamedia
_asin mediación
_bn
338 _2rdacarrier
_avolumen
_bnc
500 _aIncluye índice onomástico.
505 0 _tPreliminares --
_tImágenes del año --
_gPanorama Internacional --
_tInternacional: resumen del año. --
_tPresidenciales norteamericanas: cara a cara entre Bush y Gore --
_tLa caída de Milosevic --
_tPalestina: fracaso negociador y nueva intifada --
_tRusia: el estado no existe, pero vigila --
_tPerú: la luz al final del túnel --
_tEl fin de la supremacía del P.R.I. en México --
_tLa ultraderecha en Austria: el renacer de un fantasma --
_gEspaña --
_tEl año político --
_tLa evolución económica --
_tLas elecciones legislativas del 2000 --
_gEconomía --
_tLa debilidad del euro frente al dólar --
_tLa nueva economía; perdiendo el adjetivo --
_tMicrosoft: monopolio y desarrollo tecnológico --
_gCultura --
_tEl año literario --
_tEl mundo del arte --
_tMúsica --
_tTeatro y danza --
_tEl cine en el mundo en 2000 --
_gSociedad --
_tLa inmigración --
_gCiencia y técnica --
_tEl proyecto genoma humano --
_tLa estación espacial internacional --
_tBuscadores y portales en la red --
_gMedio ambiente --
_tResumen medioambiental del año --
_gDeportes --
_tResumen deportivo del año --
_tLos juegos olímpicos de Sydney --
_gPersonajes del año --
_tProtagonistas --
_tObituario --
_gEfemérides --
_tV centenario del nacimiento del emperador Carlos V --
_t400 aniversario del nacimiento de Calderón de la Barca --
_t250 aniversario de la muerte de Bach --
_tCentenario del nacimiento de Buñuel --
_tCentenario del nacimiento de María Moliner --
_tCentenario de la muerte de Nietzsche --
_t50 aniversario del Talgo --
_t50 aniversario de Seat --
_t25 aniversario de la coronación de Juan Carlos I --
_tOtras conmemoraciones --
_gPremios --
_tArte --
_tArtes escénicas --
_tCine --
_tLiteratura --
_tMúsica --
_tNacionales --
_tNobel --
_tOndas --
_tPraemium imperiale --
_tPríncipe de Asturias --
_tEstadísticas --
_tPaíses del mundo --
_tSuplemento enciclopédico --
_tÍndice onomástico
590 _aInventariado, 2024/ YL
650 4 _aDiccionario Enciclópedico
_986131
700 1 _aLucena Cayuela, Núria,
_edirección
_986242
700 1 _aInduráin Pons, Jordi,
_eedición
_986243
700 1 _aLópez Tossas, Emili,
_eedición
_986244
700 1 _aFerrani I Andreu, Olga,
_eredacción
_986245
700 1 _aCasanovas Freixas, M. Ángels
_986246
700 1 _aOliu Cucó, Fina
_eredacción
_986247
910 _aYLockward. Validado control de calidad/MAA
942 _2ddc
_cLBS1
999 _c57389
_d57389